La madre soltera frente a la sociedad

Gespeichert in:
Bibliographische Detailangaben
1. Verfasser: Bernstein, Rose (VerfasserIn)
Format: Buch
Sprache:Spanisch
Veröffentlicht: Buenos Aires Marymar 1974
Schlagworte:
Tags: Tag hinzufügen
Keine Tags, Fügen Sie den ersten Tag hinzu!

MARC

LEADER 00000nam a2200000 a 4500
001 UCY7687
003 CL-VaPUC
008 950616e19740000AG |||||||||||||||||spa|d
082 0 4 |a 362.839  |b BER  |2 21 
100 0 |a Bernstein, Rose  |e author  |9 338384 
245 1 3 |a La madre soltera frente a la sociedad 
300 |a 167 p 
942 |c BK 
945 |d 19950616 00:00:00  |a cmena 
260 |a Buenos Aires  |b Marymar  |c 1974 
650 0 |a Madres solteras  |9 328348 
650 0 |a Problemas sociales  |9 258537 
650 0 |a Familia monoparental  |9 316157 
650 7 |a EMBARAZO  |2 CL-VaPUC  |9 308235 
583 |a last modification  |c 20180227 05:57:10  |k Rodrigo Vera 
999 |c 235016  |d 235014 
952 |0 0  |1 0  |4 0  |6 362_839000000000000_BER_1974  |7 0  |8 P  |9 242100  |a BIBEDU  |b BIBEDU  |c BIBEDU_PB  |d 2019-11-18  |i 1521071  |o 362.839 BER 1974  |p 1521071  |r 2024-01-25  |w 2019-11-18  |y BK  |k EDU 
952 |0 0  |1 0  |4 0  |6 362_839000000000000_BER_1974  |7 0  |8 A  |9 242101  |a BIBGIM  |b BIBGIM  |d 2019-11-18  |i 1401025  |o 362.839 BER 1974  |p 1401025  |r 2025-01-15  |w 2019-11-18  |y BK  |k SSL